00530nam a2200121Ia 4500008004100000100001800041245009100059245008900150260004700239260000900286650002200295856009100317160809s9999 xx 000 0 und d aDonne, Vicki. aMULTIMEDIA STORYBOOKS: SUPPORTING VOCABULARY FOR STUDENTS WHO ARE DEAF/HARD-OF-HEARING cVicki Donne Robert Morris University Margaret L. Briley Youngstown State University. bInternational Journal of Special Education c2015 xSPECIAL EDUCATION uhttp://www.internationaljournalofspecialed.com/docs/IJSE%20ENTIRE%20ISSUE%2030%202.pdf